00808 2200289 4500001002100000005001500021035002000036007000300056008004100059020001800100040002200118082001400140084001400154090001700168245006900185300003800254500001100292650003800303700003100341850001200372041000800384264004000392336002100432337003000453338002300483990001200506INLIS00000000089110320241113093052 a0010-1124000065ta241113s1974 xx a g e 1 eng d a0-7064-0168-9 aYOPDYOGbinderda04223a590.3 a590.3 ENC aRQ 590.3 ENC00aEncyclopaedia of animals in colour /cpenyunting, Maurice Burton a304 halaman :bilustrasi ;c30 cm aIndeks 4aBinatang--vEnsiklopedi dan kamus0 aMaurice Burtone penyunting aYOPDYOG aeng31aCzechoslovakia :bPolygrafia,c1974 2rdacontentateks 2rdamediaatanpa perantara 2rdacarrieravolume a16711-b